000 00655nam a2200193 i 4500
001 118939
003 ES-MaACL
005 20250828063252.0
007 t|
008 070214s1915 sp r ||||1| spa d
100 1 _aPérez Díaz, Pedro,
_d1865-1930
_990832
245 1 3 _aEl problema social y el socialismo
_b: una solución /
_cpor Pedro Pérez Díaz ; prólogo de D. Adolfo A. Buylla.
260 _aMadrid :
_bRenacimiento,
_c1915.
300 _aXXV, 190 p. ;
_c20 cm.
650 0 7 _aSocialismo
_2embne
_917147
700 1 _aBuylla y González Alegre, Adolfo A.,
_d1850-1927
_932991
852 _aES-MaACL
_jD-5097
999 _c118939
_d118939